000 00953nas a2200325 4500
001 BR2015002226
003 BR-BrBNA
005 20231205125228.0
007 ta
008 230509b bl.|||p| |||| 00| 00por d
040 _aBR-BrBNA
_bpor
_cBiblioteca Nacional de Agricultura
041 _a(En)
072 _aQ02
100 1 _aSantana, A.A.
100 1 _aOliveira, R.A. de
100 1 _aPinedo, A.A.
100 1 _aKurozawa, L.E.
100 1 _aPark, K.J.
245 1 _aMicroencapsulation of babassu coconut milk
650 _aBABACU
650 _aLEITE EM PO
650 _aPULVERIZACAO
650 _aOXIDACAO
650 _aLEITE DE COCO
650 _aANALISE DE ALIMENTO
773 0 _tCiência e Tecnologia de Alimentos (Brazil)
_xISSN 1678-457X
_g(Oct-Dec 2013), v. 33(4) p. 737-744
_wBR2015002226
856 4 0 _uhttp://www.scielo.br/pdf/cta/v33n4/v33n4a20.pdf
909 _a202311
_bLúcia
_c55
_dLúcia Elande
942 _2AGRIS
_n0
_cANA
999 _c243331
_d243331